Calendar & notebook for the year 2000 : California scenes.

Bibliographic Details
Other Authors: Gerry, Vance (Printer, Illustrator)
Format: Book
Language:English
Published: Pasadena [California] : Printed and published by V. Gerry, Weather Bird Press, [1999]
Subjects:

MARC

Tag First Indicator Second Indicator Subfields
LEADER 00000cam a2200000Ia 4500
001 in00003748021
005 20170926145815.0
008 000628t19991999caua 000 0 eng d
035 |a (OCoLC)ocm44496411 
035 |a (OCoLC)44496411 
040 |a UUM  |b eng  |c UUM  |d OCL  |d OCLCF  |d OCLCQ  |d OCLCO  |d TXA  |d UtOrBLW 
043 |a n-us-ca 
049 |a TXAM 
050 4 |a Z232.W43  |b C35 1999 
090 |a Z232.W32  |b C35 1999 
245 0 0 |a Calendar & notebook for the year 2000 :  |b California scenes. 
246 3 0 |a California scenes 
246 3 |a Calendar and notebook for the year 2000 
246 3 4 |a Calendar & notebook for 2000 
246 3 |a Calendar and notebook for 2000 
264 1 |a Pasadena [California] :  |b Printed and published by V. Gerry, Weather Bird Press,  |c [1999] 
264 4 |c copyright 1999 
300 |a 1 volume (unpaged) :  |b illustrations ;  |c 23 cm 
336 |a text  |b txt  |2 rdacontent 
337 |a unmediated  |b n  |2 rdamedia 
338 |a volume  |b nc  |2 rdacarrier 
500 |a "75 copies printed, Zerkall laid paper, Sabon type. Bound by Mariana Blau"--Colophon. 
580 |a The Cushing Library/Lowman/Book Design copy forms part of the Book Design Section of the Al Lowman Printing Arts Collection and Research Archive. 
500 |a The Cushing Library/Lowman/Book Design copy is signed by Vance Gerry. 
500 |a The Cushing Library/Lowman/Book Design copy contains publisher advertisement, bookseller description, and envelope. 
650 0 |a Private press books  |z California  |z Pasadena  |v Specimens. 
650 0 |a Notebooks  |z California  |z Pasadena  |v Specimens. 
651 0 |a California  |v Pictorial works.  |0 http://id.loc.gov/authorities/subjects/sh85018876 
655 7 |a Calendars.  |2 lcgft  |0 http://id.loc.gov/authorities/genreForms/gf2014026055 
655 7 |a Notebooks.  |2 lcgft  |0 http://id.loc.gov/authorities/genreForms/gf2014026133 
700 1 |a Gerry, Vance,  |e printer,  |e illustrator.  |0 http://id.loc.gov/authorities/names/n85142939 
700 1 |a Blau, Mariana,  |e binder.  |0 http://id.loc.gov/authorities/names/nr98002121 
710 2 |a Weather Bird Press,  |e issuing body.  |0 http://id.loc.gov/authorities/names/n89602742 
773 0 |t Al Lowman Printing Arts Collection and Research Archive. 
994 |a C0  |b TXA 
948 |a cataloged  |b h  |c 2016/10/7  |d c  |e nbehmer  |f 12:33:16 pm 
999 f f |s 97f9a1d1-32a2-3923-8806-ae3a29dc3590  |i 0eac80e6-bd38-3d26-b073-f39990b5d944  |t 0 
952 f f |p noncirc  |a Texas A&M University  |b College Station  |c Cushing Memorial Library & Archives  |d Cushing: Lowman (Does not check out)  |t 0  |e Z232.W32 C35 1999  |h Library of Congress classification  |i unmediated -- volume 
998 f f |a Z232.W32 C35 1999  |t 0  |l Cushing: Lowman (Does not check out)